000 00479nam a2200145Ia 4500
008 230917s9999||||xx |||||||||||||| ||und||
040 _e172322
_aMAIN
041 _aEnglish
082 _a891.43773109 SG19H
100 _aसाहस्वत, गणेशदत
245 0 _aहिन्दी साहित्य में व्यग्यं विनोद
260 _aलखनऊ
_bभारत बुक सेन्टर
_c1996
300 _a227 p.
942 _cHN
999 _c96535
_d96535